000 00376nam a2200133Ia 4500
008 151001s9999||||xx |||||||||||||| ||und||
100 _aचंद्रकांत काकोडकर
245 _aप्रीत पतंगाची
250 _a1
260 _bभारतीय पॉकेट बुक्स
260 _c1969
300 _a140
365 _b7
999 _c954999
_d954996